| 000 | 01015nam a22002657a 4500 | ||
|---|---|---|---|
| 005 | 20170123162351.0 | ||
| 010 | _aA-229395 | ||
| 020 | _c32.00 | ||
| 035 | _aA-229395 | ||
| 037 | _bCen Lib/Ret | ||
| 040 |
_aDPL _bUR |
||
| 082 |
_a910.4 _bا ص ف |
||
| 100 |
_aاصفہانی، ابوطالب _9109629 |
||
| 245 |
_a/ سفرنامہ فرنگ _cابوطالب اصفہانی [اور] مترجم ثروت علی |
||
| 246 |
_aSafarnama farng / _bby Abutalib Asfani [aur] translated by Sarot Ali |
||
| 260 |
_aنئی دہلی _bترقی اردو بیورو _c1984 |
||
| 270 |
_aڈائرکڑئز في اردو بیوروا'وبٹ بلا کت8 آر کے پور م _bنئی دہلی _e110066 |
||
| 300 |
_a359p. _c17cm(Hb) |
||
| 500 | _aانڈکس | ||
| 650 |
_aاردو ادب _9136549 |
||
| 650 |
_aجغرافیہ اور سفر _vہندستاں _9136550 |
||
| 650 |
_aUrdu Literature _9136551 |
||
| 650 |
_aGeography & travel _vHinduatan _9136552 |
||
| 942 |
_2ddc _cUR _h910.4 _mا ص ف |
||
| 999 |
_c109247 _d109247 |
||